header

How to study in college / (Record no. 255407)

MARC details
000 -LEADER
fixed length control field 01212cam a2200325 a 4500
001 - CONTROL NUMBER
control field 13398411
003 - CONTROL NUMBER IDENTIFIER
control field OSt
005 - DATE AND TIME OF LATEST TRANSACTION
control field 20170208113400.0
008 - FIXED-LENGTH DATA ELEMENTS--GENERAL INFORMATION
fixed length control field 031107s2004 maua b 001 0 eng
010 ## - LIBRARY OF CONGRESS CONTROL NUMBER
LC control number 2003115139
020 ## - INTERNATIONAL STANDARD BOOK NUMBER
International Standard Book Number 061837972X
035 ## - SYSTEM CONTROL NUMBER
System control number (DLC) 2003115139
040 ## - CATALOGING SOURCE
Original cataloging agency DLC
Transcribing agency DLC
Modifying agency DLC
050 00 - LIBRARY OF CONGRESS CALL NUMBER
Classification number LB2395
Item number .P3 2005
100 1# - MAIN ENTRY--PERSONAL NAME
Personal name Pauk, Walter.
245 10 - TITLE STATEMENT
Title How to study in college /
Statement of responsibility, etc Walter Pauk, Ross J. Q. Owens.
250 ## - EDITION STATEMENT
Edition statement 8th ed.
260 ## - PUBLICATION, DISTRIBUTION, ETC. (IMPRINT)
Place of publication, distribution, etc Boston :
Name of publisher, distributor, etc Houghton Mifflin Co.,
Date of publication, distribution, etc c2005.
300 ## - PHYSICAL DESCRIPTION
Extent xxvi, 342 p. :
Other physical details ill. ;
Dimensions 24 cm.
504 ## - BIBLIOGRAPHY, ETC. NOTE
Bibliography, etc Includes bibliographical references and index.
650 #0 - SUBJECT ADDED ENTRY--TOPICAL TERM
Topical term or geographic name as entry element Study skills.
Topical term or geographic name as entry element College student orientation.
700 1# - ADDED ENTRY--PERSONAL NAME
Personal name Owens, Ross J. Q.
856 42 - ELECTRONIC LOCATION AND ACCESS
Materials specified Contributor biographical information
Uniform Resource Identifier <a href="http://www.loc.gov/catdir/enhancements/fy1105/2003115139-b.html">http://www.loc.gov/catdir/enhancements/fy1105/2003115139-b.html</a>
Materials specified Publisher description
Uniform Resource Identifier <a href="http://www.loc.gov/catdir/enhancements/fy1105/2003115139-d.html">http://www.loc.gov/catdir/enhancements/fy1105/2003115139-d.html</a>
Materials specified Table of contents only
Uniform Resource Identifier <a href="http://www.loc.gov/catdir/enhancements/fy1105/2003115139-t.html">http://www.loc.gov/catdir/enhancements/fy1105/2003115139-t.html</a>
906 ## - LOCAL DATA ELEMENT F, LDF (RLIN)
a 7
b cbc
c orignew
d 2
e epcn
f 20
g y-gencatlg
942 ## - ADDED ENTRY ELEMENTS (KOHA)
Source of classification or shelving scheme Library of Congress Classification
Koha item type Long Loan Books
Holdings
Withdrawn status Lost status Source of classification or shelving scheme Damaged status Not for loan Collection code Home library Current library Shelving location Date acquired Total Checkouts Full call number Barcode Date last seen Price effective from Koha item type Date checked out
    Library of Congress Classification     Non-fiction Rongo University Library Rongo University Library General Stacks 08/02/2017   LB2395 .P3 2005 20161704 08/02/2017 08/02/2017 Long Loan Books  
    Library of Congress Classification     Non-fiction Rongo University Library Rongo University Library General Stacks 02/03/2017   LB2395 .P3 2005 201615928 02/03/2017 02/03/2017 Long Loan Books  
    Library of Congress Classification     Non-fiction Rongo University Library Rongo University Library General Stacks 06/03/2017 1 LB2395 .P3 2005 201615167 08/11/2024 06/03/2017 Long Loan Books 25/10/2024

© 2026 Rongo University
Contact us: librarian | system librarian | Rongo university